Accounting- I (For first semester of BBM of Mangalore university) (Record no. 119218)
[ view plain ]
| 000 -LEADER | |
|---|---|
| fixed length control field | 00497nam a2200193Ia 4500 |
| 003 - CONTROL NUMBER IDENTIFIER | |
| control field | OSt |
| 005 - DATE AND TIME OF LATEST TRANSACTION | |
| control field | 20240405130002.0 |
| 008 - FIXED-LENGTH DATA ELEMENTS--GENERAL INFORMATION | |
| fixed length control field | 210210b2013 xxu||||| |||| 00| 0 eng d |
| 040 ## - CATALOGING SOURCE | |
| Original cataloging agency | AL |
| Transcribing agency | |
| 041 ## - LANGUAGE CODE | |
| Language code of text/sound track or separate title | eng |
| 082 ## - DEWEY DECIMAL CLASSIFICATION NUMBER | |
| Classification number | 657.046 RAMA |
| 100 ## - MAIN ENTRY--PERSONAL NAME | |
| Personal name | RAMAN (B S) |
| 9 (RLIN) | 16614 |
| 245 ## - TITLE STATEMENT | |
| Title | Accounting- I (For first semester of BBM of Mangalore university) |
| 260 ## - PUBLICATION, DISTRIBUTION, ETC. | |
| Place of publication, distribution, etc. | Mangalore |
| Name of publisher, distributor, etc. | United Publishers |
| Date of publication, distribution, etc. | 2013 |
| 300 ## - PHYSICAL DESCRIPTION | |
| Extent | 435 |
| 690 ## - LOCAL SUBJECT ADDED ENTRY--TOPICAL TERM (OCLC, RLIN) | |
| Topical term or geographic name as entry element | Accountancy |
| 9 (RLIN) | 16619 |
| 906 ## - LOCAL DATA ELEMENT F, LDF (RLIN) | |
| a | 069674 |
| 942 ## - ADDED ENTRY ELEMENTS (KOHA) | |
| Source of classification or shelving scheme | Dewey Decimal Classification |
| Koha item type | Book |
| Withdrawn status | Lost status | Damaged status | Not for loan | Collection code | Home library | Current library | Shelving location | Date acquired | Source of acquisition | Cost, normal purchase price | Total Checkouts | Full call number | Barcode | Date last seen | Date last checked out | Price effective from | Koha item type | Date due |
|---|---|---|---|---|---|---|---|---|---|---|---|---|---|---|---|---|---|---|
| St Aloysius Library | St Aloysius Library | 02/17/2021 | United Traders, Kodialbail, Mangalore-3 | 240.00 | 2 | 657.046 RAMA | 069678 | 02/07/2024 | 01/27/2024 | 02/17/2021 | Book | |||||||
| St Aloysius Library | St Aloysius Library | 02/17/2021 | United Traders, Kodialbail, Mangalore-3 | 240.00 | 1 | 657.046 RAMA | 069677 | 05/17/2023 | 01/20/2023 | 02/17/2021 | Book | |||||||
| St Aloysius Library | St Aloysius Library | 02/17/2021 | United Traders, Kodialbail, Mangalore-3 | 240.00 | 4 | 657.046 RAMA | 069676 | 06/30/2026 | 06/30/2026 | 02/17/2021 | Book | 10/28/2026 | ||||||
| St Aloysius Library | St Aloysius Library | 02/17/2021 | United Traders, Kodialbail, Mangalore-3 | 240.00 | 3 | 657.046 RAMA | 069675 | 06/06/2025 | 06/06/2025 | 02/17/2021 | Book | 10/04/2025 | ||||||
| Reference Book | St Aloysius Library | St Aloysius Library | Reference Section | 02/17/2021 | United Traders, Kodialbail, Mangalore-3 | 240.00 | 657.046 RAMA | 069674 | 02/17/2021 | 02/17/2021 | Book | |||||||
| St Aloysius Library | St Aloysius Library | 02/17/2021 | Higginbothams (P) Ltd., Mangalore-01. | 220.00 | 1 | 657.046 RAMA | 067470 | 11/15/2025 | 11/06/2025 | 02/17/2021 | Book |